Personnalités nées dans l'Aube par images - Statistiques

Statistiques générales
  • Ce quiz a été pris 73 fois
  • Le résultat moyen est 3 sur 13
Statistiques - réponses
Par images Réponse % Correct
Jean-Marie Bigard
94%
Georges Jacques Danton
65%
Djibril Sidibé
53%
Thierry Laurey
29%
Gérard Klein
26%
Gaëtane Thiney
24%
Annelise Hesme
9%
Clotilde Hesme
9%
Urbain IV
9%
Cendrine Dominguez
8%
Édouard Herriot
8%
Pauline Lefèvre
8%
Salomon Rachi
6%
Aucun quiz correspondant
Distribution des résultats
% des personnes avec chaque résultat
Percentile par nombre de réponses
Votre historique - résultats
Vous n’avez pas pris ce quiz